000
00311 a2200121 4500
000
nam a22 7a 4500
005
20260206172527.0
020
_a
9789395404945
100
_a
Sudha Singh
_9
1114312
245
_a
Stri Lekhan Ki Vaichariki
260
_b
Anamika Publishers & Distributors
_c
2024
942
_c
TEXL
999
_c
1678856
_d
1678856